The economics of sustainable development / (Record no. 146810)

MARC details
000 -LEADER
fixed length control field 00598nam a22001937a 4500
005 - DATE AND TIME OF LATEST TRANSACTION
control field 20171024140532.0
010 ## - LCCN (DPL NO)
LC control number ENG-121024
020 ## - INTERNATIONAL STANDARD BOOK NUMBER
Terms of availability 795.00
International Standard Book Number 9789382770091
035 ## - SYSTEM CONTROL NUMBER
System control number EN-104556
037 ## - SOURCE OF ACQUISITION
Source of stock number/acquisition DBAD/PUB
082 ## - DEWEY DECIMAL CLASSIFICATION NUMBER
Classification number 338.927
100 ## - MAIN ENTRY--PERSONAL NAME
Personal name Singh, Surendra
245 ## - TITLE STATEMENT
Title The economics of sustainable development /
Statement of responsibility, etc by Surendra Singh
260 ## - PUBLICATION, DISTRIBUTION, ETC. (IMPRINT)
Place of publication, distribution, etc New Delhi
Name of publisher, distributor, etc Nirdosh Tyagi
Date of publication, distribution, etc 2014
270 ## - ADDRESS
Address F-29, Street No.6, Sadatpur Extension
City New Delhi
Postal code 110094
300 ## - PHYSICAL DESCRIPTION
Extent 272p.
Dimensions 21cm(Hb)
500 ## - GENERAL NOTE
General note Includes bibliographical reference
942 ## - ADDED ENTRY ELEMENTS (KOHA)
Source of classification or shelving scheme Dewey Decimal Classification
Item type English Books
Classification part 338.927
Call number suffix SIN
Holdings
Withdrawn status Lost status Not for loan Collection code Home library Current library Date acquired Source of acquisition Cost, normal purchase price Full call number Barcode Copy number Cost, replacement price Koha item type
    Not For Loan Non-fiction D.B.Act.Division Bawana 24/10/2017 DBAD/PUB 795.00 338.927 SIN EN-104556 1 795.00 English Books

© Delhi Public Library
Hit Counter
free hit counter